000 00314 a2200145 4500
001 173835
020 _a
040 _cMagnum
100 _aAlbuquerque, Irene de
240 1 0 _aUm peixinho diferente
_lpor
245 1 0 _aUm peixinho diferente
362 0 _a1899
697 _aIJ/AVENTURA, CRIANCAS
942 _cBK
999 _c173835
_d173835